| 000 | 00720nam a22002297a 4500 | ||
|---|---|---|---|
| 005 | 2011110306416.0 | ||
| 008 | 111103t xxu||||| |||| 00| 0 eng d | ||
| 010 | _aENG-104022 | ||
| 020 |
_a9788124114056 _c195.00 |
||
| 035 | _aEN-87555 | ||
| 037 | _bDBAD/PUB | ||
| 040 |
_aDPL _bEng |
||
| 082 | _a503 | ||
| 100 | _935683 | ||
| 245 | _aDictionary of science | ||
| 260 |
_aNew Delhi _bHar-Anand Publications _c2012(repr.) |
||
| 270 |
_aE-49/3, Okhla Industrial Area, Phase-II _bNew Delhi _e110020 |
||
| 300 |
_a200p. _c22cm (pbk) |
||
| 700 | _935668 | ||
| 942 |
_2ddc _cEN _h503 _mDIC |
||
| 999 |
_c58073 _d58073 |
||